|
|
|
|
| LEADER |
00000nam0a2200000 4500 |
| 001 |
318696 |
| 005 |
20231102003114.0 |
| 010 |
|
|
|a 9785436507774
|
| 035 |
|
|
|a (RuTPU)RU\TPU\book\344197
|
| 090 |
|
|
|a 318696
|
| 100 |
|
|
|a 20160504d2016 m y0rusy50 ca
|
| 101 |
0 |
|
|a rus
|
| 102 |
|
|
|a RU
|
| 105 |
|
|
|a a j 001zy
|
| 200 |
1 |
|
|a Некоторые особенности электрических трансформаторов
|e учебное пособие
|f Е. И. Грачева, О. В. Наумов
|
| 210 |
|
|
|a Москва
|c Русайнс
|d 2016
|
| 215 |
|
|
|a 184 с.
|c ил.
|
| 320 |
|
|
|a Библиогр.: с. 181
|
| 320 |
|
|
|a Список сокращений: с. 180
|
| 330 |
|
|
|a В учебном пособии рассматриваются вопросы конструктивных особенностей главных понизительных и распределительных подстанций, а также вопросы эксплуатационных характеристик трансформаторов.В пособие включены материалы, изложенные в фундаментальных учебниках, информационно-справочных и директивных документах.Пособие составлено в соответствии с действующими учебными программами и отвечает требованиям государственных общеобразовательных стандартов высшего профессионального образования.Предназначено для студентов, получающих подготовку: по направлению «Электроэнергетика и электротехника».
|
| 606 |
1 |
|
|a Трансформаторы электропитания
|2 stltpush
|3 (RuTPU)RU\TPU\subj\61538
|9 78726
|
| 610 |
1 |
|
|a электрические трансформаторы
|
| 610 |
1 |
|
|a виды
|
| 610 |
1 |
|
|a конструкция
|
| 610 |
1 |
|
|a понизительные подстанции
|
| 610 |
1 |
|
|a распределительные подстанции
|
| 610 |
1 |
|
|a электроэнергия
|
| 610 |
1 |
|
|a потери
|
| 610 |
1 |
|
|a силовые трансформаторы
|
| 610 |
1 |
|
|a тепловой режим
|
| 610 |
1 |
|
|a надежность
|
| 610 |
1 |
|
|a диагностика
|
| 610 |
1 |
|
|a ремонт
|
| 610 |
1 |
|
|a трансформаторостроение
|
| 610 |
1 |
|
|a Россия
|
| 610 |
1 |
|
|a учебные пособия
|
| 675 |
|
|
|a 621.314.21(075.8)
|v 4
|
| 700 |
|
1 |
|a Грачева
|b Е. И.
|
| 701 |
|
1 |
|a Наумов
|b О. В.
|
| 801 |
|
1 |
|a RU
|b 63413507
|c 20160504
|
| 801 |
|
2 |
|a RU
|b 63413507
|c 20161003
|g RCR
|
| 900 |
|
|
|a Системы электроснабжения
|
| 900 |
|
|
|a Электрические системы и сети
|
| 942 |
|
|
|c BK
|
| 959 |
|
|
|a 32/20160331
|d 3
|e 490,00
|f ЧЗТЛ:1
|f УФ:2
|
| 959 |
|
|
|a 55/20160823
|d 3
|e 490,00
|f ЧЗТЛ:1
|f УФ:2
|